10 Największych Miast w Armenii, Azerbejdżanie i Gruzji - Statystyki

Ogólne statystyki
  • Ten quiz został rozwiązany 44 razy
  • Średni wynik to 5 z 10
Odpowiedzi na mapie
Odpowiedzi zakodowano w zielono-czerwonej skali na mapie do tego quizu, zgodnie z poniższymi procentami.
 
Statystyki odpowiedzi
Państwo Miasto Populacja % Poprawnych
Gruzja Tbilisi 1,3 mln
100%
Azerbejdżan Baku 1,3 mln
96%
Armenia Erywań 1,1 mln
96%
Gruzja Batumi 230k
74%
Gruzja Kutaisi 160k
61%
Azerbejdżan Gandża 300k
43%
Azerbejdżan Sumgait 440k
17%
Armenia Giumri 110k
13%
Azerbejdżan Mingeczaur 120k
4%
Azerbejdżan Xirdalan 215k
4%
Nie znaleziono quizów pasujących do podanych kryteriów
Rozkład punktacji
Procent ludzi z każdym wynikiem
Percentyl według liczby udzielonych odpowiedzi
Twoja historia wyników
Nie rozwiązałeś tego quizu